Tvorba a použitie výsledku hospodárenia diplomová práca

Na minha lista:
Detalhes bibliográficos
Autor principal: Balla, Zdenko
Autor Corporativo: Fakulta podnikového manažmentu EU. Katedra podnikových financií
Outros Autores: Tóthová, Alena, 1968-
Formato: Livro
Idioma:eslovaco
Publicado em: Bratislava 2024
Tags: Adicionar Tag
Sem tags, seja o primeiro a adicionar uma tag!

MARC

LEADER 00000nbm a2200000 4500
001 0300892
005 20250908091543.3
041 0 |a slo 
044 |a SK 
245 1 0 |a Tvorba a použitie výsledku hospodárenia  |b diplomová práca  |c Zdenko Balla ; školiteľ: Alena Tóthová 
264 1 |a Bratislava  |c 2024 
300 |a 55 s. 
100 1 |a Balla, Zdenko 
700 1 |a Tóthová, Alena, 1968- 
710 2 |a Fakulta podnikového manažmentu EU. Katedra podnikových financií